Commercial property market reports (Record no. 71281)

MARC details
000 -LEADER
fixed length control field 01393cam a2200289 4500
001 - CONTROL NUMBER
control field WB3836-06
008 - FIXED-LENGTH DATA ELEMENTS--GENERAL INFORMATION
fixed length control field 021002n2002 000 0 eng u
035 ## - SYSTEM CONTROL NUMBER
System control number (Sirsi) u119960
245 ## - TITLE STATEMENT
Title Commercial property market reports
260 ## - PUBLICATION, DISTRIBUTION, ETC.
Date of publication, distribution, etc. 2002
490 ## - SERIES STATEMENT
Series statement Property Week
Volume/sequential designation 67(37) 27 September 2002, 2-3(1)
490 ## - SERIES STATEMENT
Series statement Estates Gazette
Volume/sequential designation (0239) 28 September 2002, 25&39(3)
490 ## - SERIES STATEMENT
Series statement CB Hillier Parker Press Release
Volume/sequential designation 1 October 2002
520 ## - SUMMARY, ETC.
Summary, etc. Due to the weak occupier market, London developers have cut rents on a number of major schemes in central London and the West End, in order to tempt tenants. Both CB Hillier Parker and Cluttons quarterly property market reports also reveal that the 'supply mountain' of office space in London and the southeast is increasing as well as rents falling. Cluttons report available from http://www.cluttons.com/CluttonsWebSiteActual.nsf/WebPublications/Quarterly+Property+Market+UpdateAutumn+2002. CB Hillier Parker report is available from http://www.cbhillierparker.com/pmqr/pmqr.html
590 ## - LOCAL NOTE (RLIN)
Local note WB
650 ## - SUBJECT ADDED ENTRY--TOPICAL TERM
Topical term or geographic name entry element OCCUPIER MARKETS
650 ## - SUBJECT ADDED ENTRY--TOPICAL TERM
Topical term or geographic name entry element OFFICE SPACE
650 ## - SUBJECT ADDED ENTRY--TOPICAL TERM
Topical term or geographic name entry element LONDON
650 ## - SUBJECT ADDED ENTRY--TOPICAL TERM
Topical term or geographic name entry element SOUTH EAST ENGLAND
650 ## - SUBJECT ADDED ENTRY--TOPICAL TERM
Topical term or geographic name entry element INVESTORS
650 ## - SUBJECT ADDED ENTRY--TOPICAL TERM
Topical term or geographic name entry element DEVELOPERS
650 ## - SUBJECT ADDED ENTRY--TOPICAL TERM
Topical term or geographic name entry element RENTS
650 ## - SUBJECT ADDED ENTRY--TOPICAL TERM
Topical term or geographic name entry element TRENDS
690 ## - LOCAL SUBJECT ADDED ENTRY--TOPICAL TERM (OCLC, RLIN)
Topical term or geographic name as entry element PROPERTY-COMMERCIAL PROPERTY
856 ## - ELECTRONIC LOCATION AND ACCESS
Host name http://www.cbhillierparker.com/newthisweek.html
942 ## - ADDED ENTRY ELEMENTS (KOHA)
Suppress in OPAC 0
Holdings
Withdrawn status Lost status Source of classification or shelving scheme Damaged status Not for loan Home library Current library Shelving location Date acquired Total Checkouts Full call number Barcode Date last seen Copy number Price effective from Koha item type
    Dewey Decimal Classification     London London News article 02/10/2002   WB3836-06 119960-1001 06/08/2019 1 06/08/2019 News article